[Event "Mechanics' Winter TNM; 30/90, SD/30"]
[Site "San Francisco"]
[Date "2013.02.12"]
[Round "6.27"]
[White "Kottcamp, Jeff"]
[Black "Bachseitz, Martin"]
[Result "0-1"]
[WhiteElo "1725"]
[BlackElo "1601"]
[PlyCount "56"]
[EventDate "2013.??.??"]

1. e4 c5 2. c3 d5 3. exd5 Qxd5 4. d4 Nf6 5. Nf3 Bg4 6. Be2 e6 7. h3 Bh5 8. O-O
Nc6 9. Be3 cxd4 10. cxd4 Be7 11. Nc3 Qd6 12. Qd2 Nd5 13. Rac1 Nxe3 14. fxe3 a6
15. Ne4 Qd5 16. Ng3 Bg6 17. Bc4 Qd6 18. Bd3 Qxg3 19. Bxg6 hxg6 20. d5 exd5 21.
Qxd5 Rd8 22. Qb3 Rd7 23. Nd4 Bd6 24. Nxc6 Qh2+ 25. Kf2 Bg3+ 26. Kf3 Rd2 27.
Qxb7 Qxg2+ 28. Kg4 Be5# 0-1

[Event "Mechanics' Winter TNM; 30/90, SD/30"]
[Site "San Francisco"]
[Date "2013.01.29"]
[Round "4.9"]
[White "Kottcamp, Jeff"]
[Black "Ivanov, Aleksandr"]
[Result "0-1"]
[WhiteElo "1725"]
[BlackElo "2022"]
[PlyCount "40"]
[EventDate "2013.??.??"]

1. e4 c6 2. d4 d5 3. e5 Bf5 4. Nc3 e6 5. g4 Bg6 6. Nge2 Nd7 7. h4 h6 8. h5 Bh7
9. Be3 Ne7 10. f4 c5 11. dxc5 Nc6 12. Qd2 Nxc5 13. O-O-O Qa5 14. Nd4 O-O-O 15.
Bb5 Nxd4 16. Bxd4 Kb8 17. Kb1 Rc8 18. Rc1 Be7 19. Rh3 Rc7 20. a3 $4 Nb3 0-1

[Event "Mechanics' Spring TNM; 30/90, SD/30"]
[Site "San Francisco"]
[Date "2013.04.23"]
[Round "6.19"]
[White "Kottcamp, Jeff"]
[Black "Maser, Tom"]
[Result "1/2-1/2"]
[WhiteElo "1723"]
[BlackElo "1979"]
[PlyCount "79"]
[EventDate "2013.??.??"]

1. e4 e5 2. Nf3 Nc6 3. Bc4 Nf6 4. Ng5 d5 5. exd5 Na5 6. Bb5+ c6 7. dxc6 bxc6 8.
Be2 h6 9. Nf3 e4 10. Ne5 Bd6 11. d4 exd3 12. Nxd3 O-O 13. O-O Re8 14. Nc3 Qc7
15. h3 Ba6 16. Re1 Rad8 17. Bf1 c5 18. Rxe8+ Rxe8 19. Bd2 Nc4 20. Kh1 Qe7 21.
b3 Nxd2 22. Qxd2 Bxd3 23. Qxd3 Qe5 24. g3 Ne4 25. Qxe4 Qxe4+ 26. Nxe4 Rxe4 27.
Rd1 Rd4 28. Bd3 Kf8 29. Kg2 Be7 30. Kf3 Rd6 31. Ke4 Rd4+ 32. Ke3 Rd6 33. a3 Bf6
34. Rb1 Bd4+ 35. Ke2 Re6+ 36. Kf1 Rf6 37. f4 g5 38. Ke2 gxf4 39. gxf4 Rxf4 40.
Rf1 1/2-1/2

[Event "Mechanics' Neil Falconer TNM; 30/90, SD"]
[Site "San Francisco"]
[Date "2013.08.13"]
[Round "2.23"]
[White "Kottcamp, Jeff"]
[Black "Nyangar, Enkhmaa"]
[Result "1-0"]
[WhiteElo "1788"]
[BlackElo "1570"]
[PlyCount "63"]
[EventDate "2013.??.??"]

1. e4 e5 2. Nf3 Nc6 3. Bc4 Bc5 4. b4 Bb6 5. a4 Nxb4 6. c3 d5 7. exd5 Nxd5 8.
O-O Bg4 9. a5 Bc5 10. Qa4+ c6 11. Bxd5 Nf6 12. Bxc6+ bxc6 13. Qxc6+ Nd7 14.
Nxe5 Be6 15. Nxd7 Rc8 16. Qf3 Qxd7 17. d4 Be7 18. Ba3 O-O 19. Bxe7 Qxe7 20. Nd2
Qd7 21. Rab1 Bd5 22. Qd3 Qg4 23. f3 Qg5 24. c4 Be6 25. Rb5 Qd8 26. d5 Bd7 27.
Rb7 a6 28. Rb6 Qg5 29. Ne4 Qf4 30. Rxa6 Bf5 31. Qd4 Qc7 32. Nd6 1-0

[Event "Mechanics' Winter TNM; 30/90, SD/30"]
[Site "San Francisco"]
[Date "2013.01.15"]
[Round "2.28"]
[White "Kottcamp, Jeff"]
[Black "Simpkins, Jerry"]
[Result "1-0"]
[WhiteElo "1725"]
[BlackElo "1339"]
[PlyCount "39"]
[EventDate "2013.??.??"]

1. e4 e5 2. Nf3 d5 3. exd5 e4 4. Ne5 Qxd5 5. d4 Nf6 6. Bc4 Qa5+ 7. Bd2 Qb6 8.
Nxf7 Qxd4 9. Bb3 Bc5 10. O-O Ng4 11. c3 Qf6 12. Qe2 Rf8 13. Qxe4+ Qe7 14. Qxe7+
Kxe7 15. Bg5+ Kd7 16. h3 Nf6 17. Nd2 Nc6 18. Nf3 Ne8 19. Rfe1 h6 20. Be6# 1-0

[Event "Mechanics' Winter TNM; 30/90, SD/30"]
[Site "San Francisco"]
[Date "2013.02.26"]
[Round "8.21"]
[White "Kottcamp, Jeff"]
[Black "Standen, Julian"]
[Result "1-0"]
[WhiteElo "1725"]
[BlackElo "1649"]
[PlyCount "59"]
[EventDate "2013.??.??"]

1. e4 c6 2. d4 d5 3. e5 Bf5 4. Nc3 e6 5. g4 Bg6 6. Nge2 Nd7 7. h4 h6 8. h5 Bh7
9. Be3 Ne7 10. Qd2 Qa5 11. Nc1 a6 12. Nb3 Qc7 13. f4 Ng8 14. Bh3 Bb4 15. O-O-O
Ne7 16. a3 Bxc3 17. Qxc3 O-O-O 18. Rhf1 Nf8 19. f5 Ng8 20. Bd2 Kb8 21. Qc5 Nd7
22. Qc3 Nf8 23. Qe3 Rc8 24. Bb4 Ka8 25. Bxf8 Rxf8 26. fxe6 f6 27. Nc5 Ne7 28.
Nd7 Rc8 29. exf6 gxf6 30. Rxf6 1-0

[Event "Mechanics' Spring TNM; 30/90, SD/30"]
[Site "San Francisco"]
[Date "2013.04.09"]
[Round "4.24"]
[White "Kottcamp, Jeff"]
[Black "Touset, Stephen"]
[Result "1-0"]
[WhiteElo "1723"]
[BlackElo "919"]
[PlyCount "48"]
[EventDate "2013.??.??"]

1. e4 d6 2. d4 Nf6 3. Nc3 e5 4. Nf3 exd4 5. Nxd4 Be7 6. Bc4 O-O 7. f3 c6 8. Bg5
Qb6 9. Rb1 c5 10. Nde2 Be6 11. Bxf6 Bxf6 12. Bxe6 fxe6 13. O-O Nc6 14. Qxd6
Rae8 15. f4 e5 16. f5 Rd8 17. Qe6+ Kh8 18. Qb3 Qxb3 19. axb3 Rd2 20. Rbc1 Nb4
21. Rfd1 Rxd1+ 22. Rxd1 Nxc2 23. Rd7 Rd8 24. Rxb7 Rd2 $4 1-0

[Event "Mechanics' Neil Falconer TNM; 30/90, SD"]
[Site "San Francisco"]
[Date "2013.09.10"]
[Round "6.26"]
[White "Kottcamp, Jeff"]
[Black "Vichik, Adam"]
[Result "0-1"]
[WhiteElo "1788"]
[BlackElo "1262"]
[PlyCount "30"]
[EventDate "2013.??.??"]

1. e4 e6 2. d4 d5 3. e5 c5 4. c3 Nc6 5. Be3 Qb6 6. Qd2 Bd7 7. Nf3 Rc8 8. Bd3
cxd4 9. Bxd4 Bc5 10. Bc2 Bxd4 11. cxd4 Qxb2 12. Qc3 Qxc3+ 13. Nxc3 Nxd4 14.
Nxd4 Rxc3 15. Rb1 Rc4 0-1

[Event "Mechanics' Summer TNM; 30/90, SD/30"]
[Site "San Francisco"]
[Date "2013.06.25"]
[Round "5.16"]
[White "Kottcamp, Jeffrey"]
[Black "Anderson, Michael"]
[Result "1/2-1/2"]
[WhiteElo "1782"]
[BlackElo "1946"]
[PlyCount "119"]
[EventDate "2013.??.??"]

1. e4 c5 2. c3 d5 3. exd5 Qxd5 4. d4 Nf6 5. Nf3 Bg4 6. Be2 e6 7. h3 Bh5 8. Be3
cxd4 9. cxd4 Nc6 10. Nc3 Qd6 11. Qb3 Be7 12. O-O O-O 13. Rfd1 Nb4 14. Rd2 a6
15. Rc1 Rac8 16. a3 Nbd5 17. Rdc2 Nxe3 18. fxe3 Bg6 19. Rd2 Ne4 20. Rdd1 Ng3
21. Bd3 Bh5 22. Qxb7 Rb8 23. Qxa6 Rb6 24. Qa4 Bxf3 25. gxf3 Rxb2 26. Rc2 Qxa3
27. Qxa3 Bxa3 28. Kf2 Rxc2+ 29. Bxc2 Nh5 30. Rb1 Rc8 31. Rb3 Be7 32. Ke2 Ng3+
33. Kd3 Rd8 34. Ne4 Nf5 35. Rb7 Kf8 36. Ke2 g6 37. Bb3 h5 38. f4 Nd6 39. Nxd6
Rxd6 40. Kf3 Bh4 41. Rc7 Bd8 42. Rc5 Rb6 43. Rc3 Kg7 44. Ke4 Be7 45. Kf3 Bb4
46. Rd3 Be1 47. d5 exd5 48. Bxd5 Rb2 49. Rd1 Rf2+ 50. Ke4 f5+ 51. Kd4 Rd2+ 52.
Rxd2 Bxd2 53. Kd3 Bc1 54. Ke2 Kf6 55. Kf3 h4 56. Bb3 g5 57. fxg5+ Kxg5 58. Bc4
Bb2 59. Bb3 Be5 60. Bc4 1/2-1/2

[Event "Mechanics' Summer TNM; 30/90, SD/30"]
[Site "San Francisco"]
[Date "2013.07.02"]
[Round "6.12"]
[White "Kottcamp, Jeffrey"]
[Black "Grey, Peter"]
[Result "0-1"]
[WhiteElo "1782"]
[BlackElo "2000"]
[PlyCount "70"]
[EventDate "2013.??.??"]

1. e4 e5 2. Nf3 Nc6 3. Bc4 Nf6 4. Ng5 d5 5. exd5 b5 6. Bxb5 Qxd5 7. Bf1 e4 (
7... Bg4) (7... h6 8. Nc3 Qd7 9. Nge4 Nxe4 10. Nxe4 Bb7 11. d3 O-O-O 12. Be3
Nd4 13. c3 f5 14. cxd4 fxe4) 8. d3 exd3 9. Qxd3 Qe5+ 10. Qe3 Nd5 11. Qxe5+ Nxe5
12. f4 Ng4 13. Bb5+ Bd7 14. Bxd7+ Kxd7 15. O-O Bc5+ 16. Kh1 Nf2+ 17. Rxf2 Bxf2
18. Nxf7 Rhe8 19. Ne5+ Ke6 20. Bd2 Bd4 21. Nc3 Bxe5 22. Re1 Kd6 23. fxe5+ Rxe5
24. Nb5+ Ke6 25. Nd4+ Kf6 26. Ba5 Rxe1+ 27. Bxe1 Re8 28. Bd2 c5 29. Nf3 h6 30.
Kg1 Kf5 31. Kf2 g5 32. a3 Nf6 33. Bc3 Ne4+ 34. Kf1 Nxc3 35. bxc3 Re3 0-1

[Event "Mechanics' Summer TNM; 30/90, SD/30"]
[Site "San Francisco"]
[Date "2013.06.11"]
[Round "3.13"]
[White "Kottcamp, Jeffrey"]
[Black "Wong, Russell"]
[Result "0-1"]
[WhiteElo "1782"]
[BlackElo "2209"]
[PlyCount "36"]
[EventDate "2013.??.??"]

1. e4 Nf6 2. e5 Nd5 3. d4 d6 4. c4 Nb6 5. f4 dxe5 6. fxe5 Nc6 7. Be3 Bf5 8. Nc3
e6 9. Nf3 Bg4 10. b3 Bb4 11. Rc1 Bxf3 12. gxf3 Qh4+ 13. Bf2 Qf4 14. Ke2 O-O-O
15. Ne4 Nxd4+ 16. Bxd4 Rxd4 17. Qxd4 Qxc1 18. c5 Qe1+ 0-1

[Event "Mechanics' Summer TNM; 30/90, SD/30"]
[Site "San Francisco"]
[Date "2013.07.09"]
[Round "7.16"]
[White "Krasnov, Stephen"]
[Black "Anderson, Michael"]
[Result "1-0"]
[WhiteElo "1955"]
[BlackElo "1946"]
[PlyCount "59"]
[EventDate "2013.??.??"]

1. Nf3 f5 2. c4 Nf6 3. Nc3 g6 4. g3 Bg7 5. Bg2 O-O 6. d4 c6 7. O-O d6 8. Bg5
Nbd7 9. Qd2 e5 10. d5 c5 11. Nh4 e4 12. f3 Ne5 13. b3 exf3 14. Nxf3 Nf7 15. Bf4
Ne4 16. Nxe4 fxe4 17. Ng5 Bd4+ 18. Kh1 e3 19. Nxf7 exd2 20. Nxd8 Rxd8 21. Rad1
Bf5 22. e4 Bg4 23. Rxd2 Kg7 24. h3 Bc8 25. Re2 h6 26. g4 Be5 27. Bxe5+ dxe5 28.
Ref2 Rd7 29. Rf8 b6 30. Re8 1-0

[Event "Mechanics' Winter TNM; 30/90, SD/30"]
[Site "San Francisco"]
[Date "2013.02.05"]
[Round "5.13"]
[White "Krasnov, Steven"]
[Black "Brown, Nicholas"]
[Result "1-0"]
[WhiteElo "1958"]
[BlackElo "1471"]
[PlyCount "79"]
[EventDate "2013.??.??"]

1. Nf3 d5 2. d4 Nf6 3. Bg5 e6 4. e3 Nbd7 5. Bd3 Bd6 6. Nbd2 O-O 7. c4 c6 8. Qc2
Qc7 9. Rc1 dxc4 10. Nxc4 Be7 11. O-O b6 12. Bxh7+ Nxh7 13. Bxe7 Re8 14. Bd6 Qd8
15. Ba3 c5 16. Nd6 Rf8 17. dxc5 Nxc5 18. Rfd1 Qc7 19. b4 Rd8 20. bxc5 bxc5 21.
Bxc5 Bb7 22. Ne5 f6 23. Nxb7 Rxd1+ 24. Qxd1 fxe5 25. Qb3 Nf8 26. Ba3 Qf7 27.
Nd6 Qg6 28. h3 Rd8 29. Rc7 Rd7 30. Rc8 Qf6 31. Rxf8+ Qxf8 32. Qxe6+ Rf7 33. Qb3
g6 34. Qe6 Qe7 35. Qxg6+ Rg7 36. Qe4 Qd7 37. Qxe5 Qa4 38. Qd5+ Kh7 39. Qe4+ Kg8
40. Qxa4 1-0

[Event "Mechanics' Fall TNM; 30/90, SD/30"]
[Site "San Francisco"]
[Date "2013.12.03"]
[Round "7.3"]
[White "Krasnov, Steven"]
[Black "Byambaa, Uyanga"]
[Result "1-0"]
[WhiteElo "1949"]
[BlackElo "2066"]
[PlyCount "73"]
[EventDate "2013.??.??"]

1. c4 e5 2. Nc3 f5 3. g3 Nf6 4. Bg2 d6 5. d3 Be7 6. Nf3 Nc6 7. Rb1 a5 8. O-O
O-O 9. a3 h6 10. b4 axb4 11. axb4 g5 12. b5 Nb8 13. Bd2 Nbd7 14. Qc2 Qe8 15.
Ra1 Rxa1 16. Rxa1 f4 17. e3 g4 18. Ne1 f3 19. Bf1 h5 20. d4 Rf7 21. c5 d5 22.
c6 bxc6 23. bxc6 Nb6 24. dxe5 Ne4 25. Nxe4 dxe4 26. Ba5 Rh7 27. Bxb6 cxb6 28.
Qxe4 h4 29. Bc4+ Kg7 30. e6 Qh5 31. Ra2 hxg3 32. fxg3 b5 33. Bb3 Qg5 34. Nd3
Rh6 35. Ra7 Rh8 36. Qe5+ Kg6 37. Nf4+ 1-0

[Event "Mechanics' Neil Falconer TNM; 30/90, SD"]
[Site "San Francisco"]
[Date "2013.08.27"]
[Round "4.7"]
[White "Krasnov, Steven"]
[Black "Byambaa, Uyanga"]
[Result "1-0"]
[WhiteElo "1862"]
[BlackElo "2091"]
[PlyCount "111"]
[EventDate "2013.??.??"]

1. d4 Nf6 2. c4 g6 3. Nc3 Bg7 4. Bg5 O-O 5. e3 h6 6. Bh4 d6 7. Be2 c6 8. Nf3
Nbd7 9. Qc2 e5 10. Rd1 Qe7 11. d5 c5 12. O-O a6 13. h3 Qe8 14. Nd2 Nh7 15. Nde4
g5 16. Nxd6 Qd8 17. Bg3 Nhf6 18. Nf5 h5 19. f4 exf4 20. exf4 g4 21. Nxg7 Kxg7
22. hxg4 Nxg4 23. Bxg4 hxg4 24. Ne4 Rh8 25. Kf2 Nf6 26. Qc3 Bf5 27. Nxf6 Qxf6
28. Qxf6+ Kxf6 29. Rh1 Rxh1 30. Rxh1 Bd3 31. b3 Re8 32. Bh4+ Kf5 33. Re1 Rxe1
34. Kxe1 Kxf4 35. g3+ Ke5 36. Kd2 Bb1 37. Kc3 f6 38. a3 Bf5 39. b4 b6 40. Kb3
Bd7 41. Kc3 Ba4 42. Kd3 f5 43. Bg5 cxb4 44. Bf4+ Kf6 45. axb4 Bb3 46. Kd4 a5
47. bxa5 bxa5 48. Be5+ Ke7 49. c5 a4 50. c6 a3 51. d6+ Ke6 52. Kc3 Kxe5 53. d7
Ba4 54. d8=Q Bxc6 55. Qc7+ Kd5 56. Kb3 {
after several more moves, Black lost the bishop and resigned} 1-0

[Event "Mechanics' Spring TNM; 30/90, SD/30"]
[Site "San Francisco"]
[Date "2013.04.02"]
[Round "3.17"]
[White "Krasnov, Steven"]
[Black "Cohee, James"]
[Result "1/2-1/2"]
[WhiteElo "1958"]
[BlackElo "1656"]
[PlyCount "79"]
[EventDate "2013.??.??"]

1. d4 d5 2. c4 c6 3. Nf3 Nf6 4. Nc3 dxc4 5. a4 Bf5 6. Bg5 e6 7. e4 Bg4 8. Bxc4
Be7 9. Qb3 Qb6 10. Be3 Qxb3 11. Bxb3 Nbd7 12. Nd2 O-O 13. f3 Bh5 14. g4 Bg6 15.
h4 h5 16. g5 Ne8 17. f4 Nc7 18. O-O f5 19. e5 Nd5 20. Bxd5 cxd5 21. Rfc1 a6 22.
a5 Rac8 23. Na4 Rfd8 24. Kf2 Be8 25. Nb3 g6 26. Ke2 Kf7 27. Nbc5 Nxc5 28. Nxc5
Bxc5 29. Rxc5 Rxc5 30. dxc5 Bc6 31. Bd4 Ke7 32. b3 Bb5+ 33. Kd2 Kd7 34. Kc3 Kc6
35. Kb4 Rc8 36. Rc1 Rd8 37. Rd1 Rc8 38. Rc1 Rd8 39. Rd1 Rc8 40. Rc1 1/2-1/2

[Event "Mechanics' Neil Falconer TNM; 30/90, SD"]
[Site "San Francisco"]
[Date "2013.09.10"]
[Round "6.5"]
[White "Krasnov, Steven"]
[Black "Doyle, Bryon"]
[Result "1/2-1/2"]
[WhiteElo "1862"]
[BlackElo "2046"]
[PlyCount "63"]
[EventDate "2013.??.??"]

1. d4 c5 2. d5 Nf6 3. c4 b5 4. cxb5 a6 5. e3 g6 6. Nc3 d6 7. a4 Bg7 8. Nf3 O-O
9. Be2 axb5 10. Bxb5 Na6 11. O-O Nb4 12. e4 Bd7 13. Qe2 Qa5 14. Bd2 Rfb8 15.
Bc4 Ng4 16. h3 Ne5 17. Nxe5 Bxe5 18. f4 Bd4+ 19. Kh1 Qa7 20. b3 Nc2 21. Rac1
Na3 22. Nb5 Nxb5 23. axb5 Qb6 24. Bc3 Bxc3 25. Rxc3 Bxb5 26. e5 Bxc4 27. bxc4
Qb2 28. Rc2 Qd4 29. Rd2 Qc3 30. Rc2 Qd4 31. Rd2 Qc3 32. Rc2 1/2-1/2

[Event "Mechanics' Fall TNM; 30/90, SD/30"]
[Site "San Francisco"]
[Date "2013.11.05"]
[Round "3.12"]
[White "Krasnov, Steven"]
[Black "Flores, David"]
[Result "1/2-1/2"]
[WhiteElo "1949"]
[BlackElo "1650"]
[Annotator "Donaldson"]
[PlyCount "74"]
[EventDate "2013.??.??"]

1. f4 d5 2. Nf3 Nf6 3. b3 Bg4 4. Bb2 e6 5. e3 Ne4 6. d3 Nd6 7. Nbd2 Nf5 8. Qe2
Nc6 9. h3 $4 Ng3 10. Qf2 Nxh1 11. Qg1 Bxf3 12. Nxf3 Ng3 13. Qf2 Nf5 14. g4 Nd6
15. Bg2 Qd7 16. O-O-O O-O-O 17. Ne5 Nxe5 18. fxe5 Ne8 19. Rf1 f5 20. gxf5 exf5
21. h4 g6 $4 22. e6 Qxe6 23. Bxh8 Bg7 24. Bxg7 Nxg7 25. Qf3 Kb8 26. Kb1 Nh5 27.
Re1 Qb6 28. Qf2 Qd6 29. e4 dxe4 30. dxe4 fxe4 31. Bxe4 Nf6 32. Bd3 Nd5 33. Kb2
Qb4 34. a3 Qd6 35. Re4 c5 36. Bc4 Nb6 37. Be2 Nd5 1/2-1/2

[Event "Mechanics' Winter TNM; 30/90, SD/30"]
[Site "San Francisco"]
[Date "2013.01.15"]
[Round "2.3"]
[White "Krasnov, Steven"]
[Black "Fuentes, Romulo"]
[Result "1/2-1/2"]
[WhiteElo "1958"]
[BlackElo "2229"]
[PlyCount "74"]
[EventDate "2013.??.??"]

1. Nf3 c5 2. e4 d6 3. d4 cxd4 4. Nxd4 Nf6 5. Nc3 a6 6. Be2 e5 7. Nb3 Be6 8. O-O
Nbd7 9. Be3 Be7 10. Qd2 b5 11. f3 Nb6 12. Rad1 O-O 13. Bg5 Nc4 14. Bxc4 bxc4
15. Nc1 Qb6+ 16. Kh1 Qxb2 17. N1e2 Rfd8 18. Rb1 Qa3 19. Rb7 Kf8 20. f4 Qc5 21.
Ng3 Ra7 22. Na4 Rxb7 23. Nxc5 dxc5 24. Qa5 exf4 25. Bxf4 Rb2 26. c3 h5 27. h3
h4 28. Nf5 Bxf5 29. exf5 Nh5 30. Qc7 Nxf4 31. Qxf4 Rxa2 32. Qxc4 Rdd2 33. f6
Bxf6 34. Qxc5+ Kg8 35. Qc8+ Rd8 36. Qg4 Rd6 37. Qc8+ Rd8 1/2-1/2

[Event "Mechanics' Spring TNM; 30/90, SD/30"]
[Site "San Francisco"]
[Date "2013.04.16"]
[Round "5.25"]
[White "Krasnov, Steven"]
[Black "Hilliard, Michael"]
[Result "1-0"]
[WhiteElo "1958"]
[BlackElo "1429"]
[PlyCount "59"]
[EventDate "2013.??.??"]

1. e4 c6 2. d3 d5 3. Nc3 d4 4. Nce2 e5 5. g3 g5 6. Bg2 f6 7. h4 g4 8. f4 h5 9.
Bd2 Qb6 10. Qb1 Be6 11. b4 Bd6 12. c4 c5 13. a4 cxb4 14. a5 Qc5 15. Nc1 Na6 16.
Nge2 Ne7 17. O-O O-O 18. Nb3 Qc7 $17 19. Rc1 Bc5 20. Rc2 Rfc8 21. Nxc5 Qxc5 22.
fxe5 fxe5 23. Ra4 Nc6 24. Nc1 Rf8 25. Na2 Nxa5 26. Nxb4 Nc7 27. Nd5 b6 28. Bxa5
bxa5 29. Qc1 Qe7 $4 30. Nxe7+ 1-0

[Event "Mechanics' Spring TNM; 30/90, SD/30"]
[Site "San Francisco"]
[Date "2013.04.30"]
[Round "7.12"]
[White "Krasnov, Steven"]
[Black "Hua, Arnold"]
[Result "0-1"]
[WhiteElo "1958"]
[BlackElo "2000"]
[PlyCount "42"]
[EventDate "2013.??.??"]

1. d4 d5 2. Nf3 Nf6 3. c4 dxc4 4. Nc3 a6 5. a4 Nc6 6. e4 Bg4 7. Be3 e5 8. d5
Na5 9. Be2 Bxf3 10. gxf3 Bb4 11. Qc2 Qd6 12. Rg1 O-O 13. O-O-O Rfb8 14. Na2 b5
15. Nxb4 Qxb4 16. Qc3 Nb3+ 17. Kc2 Qxa4 18. Qxe5 Nd4+ 19. Kb1 Qc2+ 20. Ka1 c3
21. Rd2 cxb2+ 0-1

[Event "Mechanics' Spring TNM; 30/90, SD/30"]
[Site "San Francisco"]
[Date "2013.03.19"]
[Round "1.20"]
[White "Krasnov, Steven"]
[Black "James, Charles"]
[Result "1-0"]
[WhiteElo "1958"]
[BlackElo "1535"]
[PlyCount "59"]
[EventDate "2013.??.??"]

1. c4 f5 2. Nc3 Nf6 3. Nf3 g6 4. g3 Bg7 5. Bg2 O-O 6. Qb3 Qe8 7. d4 c6 8. O-O
d6 9. d5 Na6 10. dxc6 Nc5 11. cxb7 Bxb7 12. Qc2 e5 13. Rd1 e4 14. Ne1 Qf7 15.
Nb5 d5 16. cxd5 Na6 17. Nd6 Qd7 18. Nxb7 Qxb7 19. f3 Nxd5 20. fxe4 Qb6+ 21. Kh1
Ne3 22. Bxe3 Qxe3 23. Qc4+ Kh8 24. Qxa6 fxe4 25. Nc2 Qc5 26. Qa4 Rf2 27. Qxe4
Rc8 28. Ne1 Qb5 29. Nd3 Rc2 30. Nxf2 1-0

[Event "Mechanics' Neil Falconer TNM; 30/90, SD"]
[Site "San Francisco"]
[Date "2013.08.13"]
[Round "2.2"]
[White "Krasnov, Steven"]
[Black "Lee, Andy"]
[Result "0-1"]
[WhiteElo "1862"]
[BlackElo "2316"]
[PlyCount "120"]
[EventDate "2013.??.??"]

1. d4 d5 2. Nf3 Nc6 3. a3 Bg4 4. e3 e5 5. dxe5 Nxe5 6. Nbd2 Nxf3+ 7. Nxf3 Nf6
8. h3 Bh5 9. b4 Bd6 10. Bb2 Qe7 11. Be2 Bxb4+ 12. c3 Bc5 13. Nd4 Bg6 14. Qa4+
Nd7 15. Nb5 O-O 16. Qf4 c6 17. Nd4 Rfe8 18. h4 Bd6 19. Qg5 Qxg5 20. hxg5 Nc5
21. O-O Na4 22. Ra2 a6 23. Bd1 Nc5 24. Be2 Re7 25. Rd1 Na4 26. Ba1 Rd8 27. c4
c5 28. Nf3 dxc4 29. Rad2 Red7 30. Bxc4 Nb6 31. Ba2 Bh5 32. Kf1 Be7 33. Rxd7
Rxd7 34. Rb1 Nc8 35. Ne5 Rd2 36. Bb3 b5 37. Bc3 Rd6 38. f4 Bg6 39. Nxg6 hxg6
40. Bc2 Nb6 41. Ke2 Nc4 42. Ra1 Bd8 43. Bd3 Ba5 44. Bxa5 Nxa5 45. Rb1 Kf8 46.
g4 Ke7 47. f5 gxf5 48. gxf5 Nc6 49. Be4 Ne5 50. Bb7 Rb6 51. Bd5 c4 52. e4 Kd6
53. Ke3 Kc5 54. Kf4 Kd4 55. Rd1+ Nd3+ 56. Kf3 f6 57. gxf6 gxf6 58. Ke2 Rb8 59.
a4 Rh8 60. axb5 Rh2+ 0-1

[Event "Mechanics' Summer TNM; 30/90, SD/30"]
[Site "San Francisco"]
[Date "2013.06.04"]
[Round "2.1"]
[White "Krasnov, Steven"]
[Black "Manvelyan, Hayk"]
[Result "0-1"]
[WhiteElo "1955"]
[BlackElo "2293"]
[PlyCount "38"]
[EventDate "2013.??.??"]

1. d4 g6 2. Nf3 Bg7 3. g3 f5 4. c4 Nf6 5. Nc3 O-O 6. Bg2 d6 7. O-O Qe8 8. e4
fxe4 9. Ng5 Bg4 10. Qb3 Nc6 11. Be3 h6 12. Ngxe4 Nxe4 13. Nxe4 $2 (13. Bxe4 Bf5
14. Bxf5 Rxf5 (14... gxf5 15. Nd5 Qc8 16. Rad1) 15. Nd5 (15. Rad1)) 13... Nxd4
14. Qxb7 Nf3+ 15. Kh1 c5 (15... Qc8 16. Qxc8 Raxc8 17. Rab1 Rb8 18. b3 Nd4) 16.
h3 Bd7 17. Nxd6 $4 exd6 18. Bxf3 Rxf3 19. Qxf3 Bc6 0-1

[Event "Mechanics' Spring TNM; 30/90, SD/30"]
[Site "San Francisco"]
[Date "2013.05.07"]
[Round "8.18"]
[White "Krasnov, Steven"]
[Black "Newey, Richard"]
[Result "1-0"]
[WhiteElo "1958"]
[BlackElo "1702"]
[PlyCount "63"]
[EventDate "2013.??.??"]

1. c4 c5 2. Nf3 Nc6 3. g3 g6 4. Bg2 Bg7 5. O-O Nf6 6. Nc3 d6 7. d4 cxd4 8. Nxd4
Bd7 9. h3 O-O 10. Rb1 Nxd4 11. Qxd4 Bc6 12. Qh4 Rc8 13. e4 Qa5 14. Be3 Nh5 15.
b4 Qd8 16. Rfc1 Bf6 17. Qg4 a6 18. Qe2 Bg7 19. Kh2 Be5 20. f4 Bxc3 21. Rxc3 Ng7
22. Rd1 f5 23. e5 Qc7 24. exd6 exd6 25. Qf2 Bxg2 26. Qxg2 Qc6 27. Rd5 Rfe8 28.
Qd2 Re6 29. c5 Ne8 30. Rcd3 dxc5 31. Rxc5 Rxe3 32. Rxe3 1-0

[Event "Mechanics' Winter TNM; 30/90, SD/30"]
[Site "San Francisco"]
[Date "2013.02.19"]
[Round "7.7"]
[White "Krasnov, Steven"]
[Black "Ortega, Bill"]
[Result "0-1"]
[WhiteElo "1958"]
[BlackElo "2068"]
[PlyCount "56"]
[EventDate "2013.??.??"]

1. c4 c6 2. Nf3 d5 3. g3 Nf6 4. d4 Bf5 5. Nbd2 e6 6. Bg2 Nbd7 7. O-O Bd6 8. Nh4
Bg4 9. h3 Bh5 10. Re1 O-O 11. g4 Ne4 12. Nhf3 Bg6 13. Nxe4 Bxe4 14. b3 f5 15.
Ng5 Bxg2 16. Kxg2 Qf6 17. gxf5 Qxf5 18. Nf3 Rf6 19. Rh1 Raf8 20. Be3 e5 21.
dxe5 Nxe5 22. cxd5 Nxf3 23. exf3 cxd5 24. Rc1 Qh5 25. f4 Qf7 26. Bxa7 Rxf4 27.
Rc2 d4 28. Rf1 Qg6+ 0-1

[Event "Mechanics' Summer TNM; 30/90, SD/30"]
[Site "San Francisco"]
[Date "2013.07.02"]
[Round "6.23"]
[White "Krasnov, Steven"]
[Black "Poling, Scott"]
[Result "0-1"]
[WhiteElo "1506"]
[BlackElo "1734"]
[Annotator "Donaldson"]
[PlyCount "118"]
[EventDate "2013.??.??"]

1. Nf3 e6 2. g3 Nf6 3. Bg2 d5 4. b3 Be7 5. Bb2 O-O 6. O-O c5 7. d4 Nc6 8. e3
cxd4 9. Nxd4 Qb6 10. Nd2 Nd7 11. c4 Nf6 12. a3 Rd8 13. Qe2 Ne4 14. Nxc6 bxc6
15. Nxe4 dxe4 16. Bxe4 Qxb3 17. Bxc6 Rb8 18. Bd4 Ba6 19. Rfc1 Rdc8 20. Rc3 Qb2
21. Rc2 Qb3 22. Rc3 Qb2 23. Qxb2 Rxb2 24. Rcc1 Rb3 25. Bb5 Bb7 26. Bxa7 Bxa3
27. Ba4 Rd3 28. Rcb1 Bf3 29. Rb3 Rxb3 30. Bxb3 Bb2 31. Ra2 Bf6 32. c5 Kf8 33.
Bb6 Bd8 34. Rc2 Bxb6 35. cxb6 Rb8 36. h3 Rxb6 37. Rc3 Ra6 38. g4 h5 39. Kh2 h4
40. Rc1 Rd6 41. Rc8+ Ke7 42. Rc7+ Kf6 43. Rc4 $6 {Improving Black's king
position (Rc8+, Rc7+) makes no sense unless White's intention was to simplify
with} (43. g5+ Kg6 44. Bc2+ f5 45. gxf6+ Kxf6 46. Rc4 g5 47. Be4) 43... g5 44.
Rd4 Rxd4 45. exd4 Ke7 46. Kg1 Kd6 47. Kf1 f6 48. Bc4 e5 49. dxe5+ fxe5 50. Bf7
Kc5 51. Bg6 Kd4 52. Kg1 Kc3 53. Bf5 Kd2 54. Kf1 Bd5 55. Bg6 Bc4+ 56. Kg1 Ke1
57. Be4 $2 ({White has allowed Black to make considerable progress from what
was for all appearances a dead drawn ending but the result would still be in
doubt after} 57. Be8 Bf1 58. f3 Bxh3 59. Bb5 e4 60. fxe4 Bxg4 61. Bc4) 57...
Bf1 58. Bg2 Bxg2 59. Kxg2 Ke2 0-1

[Event "Mechanics' Fall TNM; 30/90, SD/30"]
[Site "San Francisco"]
[Date "2013.11.19"]
[Round "5.11"]
[White "Krasnov, Steven"]
[Black "Ross, David"]
[Result "1-0"]
[WhiteElo "1949"]
[BlackElo "1136"]
[PlyCount "43"]
[EventDate "2013.??.??"]

1. c4 Nf6 2. Nf3 g6 3. Nc3 Bg7 4. d4 O-O 5. Bg5 h6 6. Bf4 d6 7. h3 c5 8. e3
cxd4 9. exd4 Nbd7 10. Be2 Re8 11. Qd2 g5 12. Be3 e5 13. O-O Rf8 14. Qc2 Qc7 15.
Nb5 Qd8 16. Nxd6 exd4 17. Nxd4 Nc5 18. N4f5 Bxf5 19. Nxf5 Ne6 20. Rfd1 Qc7 21.
Rac1 Bh8 22. Nxh6+ 1-0